| 000 | 00932nas a2200301 4500 | ||
|---|---|---|---|
| 001 | BR0903178 | ||
| 003 | BR-BrBNA | ||
| 005 | 20231205113628.0 | ||
| 007 | ta | ||
| 008 | 230509b bl.|||p| |||| 00| 00por d | ||
| 040 |
_aBR-BrBNA _bpor _cBiblioteca Nacional de Agricultura |
||
| 041 | _a(Pt) | ||
| 072 | _aF01; E14 | ||
| 100 | 1 | _aRodrigues, M.G.V. | |
| 100 | 1 | _aDias, M.S.C. | |
| 100 | 1 | _aRuggiero, C. | |
| 100 | 1 | _aLichtemberg, L.A. | |
| 245 | 1 | _aPlanejamento, implantação e manejo do bananal | |
| 650 | _aPRODUÇÃO VEGETAL | ||
| 650 | _aBANANA | ||
| 650 | _aMUSA SPP | ||
| 650 | _aPLANEJAMENTO AGRÍCOLA | ||
| 650 | _aIMPLANTAÇÃO DE CULTURA | ||
| 650 | _aPRÁTICA CULTURAL | ||
| 773 | 0 |
_tInforme Agropecuário - Empresa de Pesquisa Agropecuária de Minas Gerais (Brazil) _xISSN 0100-3364 _g(Jul-Aug 2008), v. 29(245) p. 14-24 _wBR0903178 |
|
| 909 |
_a202311 _bLúcia _c55 _dLúcia Elande |
||
| 942 |
_2AGRIS _n0 _cANA |
||
| 999 |
_c204785 _d204785 |
||